[Event "Eger Osz op"]
[Site "Eger"]
[Date "2009.10.25"]
[Round "7"]
[White "Kulcsar, Marton"]
[Black "Valyi, Blanka Borbala"]
[Result "0-1"]
[WhiteElo "1665"]
[BlackElo "1446"]
[PlyCount "64"]
[EventDate "2009.10.22"]
[EventType "swiss"]
[EventRounds "7"]
[EventCountry "HUN"]
[SourceTitle "EXT 2011"]
[Source "ChessBase"]
[SourceDate "2010.11.26"]
[SourceVersion "1"]
[SourceVersionDate "2010.11.26"]
[SourceQuality "1"]

1. e4 c5 2. Nf3 d6 3. d4 cxd4 4. Nxd4 Nf6 5. Nc3 g6 6. Be3 Bg7 7. Be2 0-0 8. 0-0 Nc6 9. Nf3 a6 10. Qd2 Re8 11. Rad1 Qa5 12. h3 Bd7 13. Bc4 Rac8 14. Bb3 b5 15. Bh6 b4 16. Bxg7 Kxg7 17. Ne2 Nxe4 18. Qf4 Qf5 19. Qxf5 Bxf5 20. Nfd4 Bd7 21. f3 Nf6 22. Nxc6 Bxc6 23. Ng3 Bb5 24. Rfe1 a5 25. Rd2 a4 26. Bd5 Rc5 27. Be4 Nxe4 28. Nxe4 Re5 29. Rd4 d5 30. f4 Rxe4 31. Rexe4 dxe4 32. Rxe4 e6 0-1

[Event "Eger Tel op"]
[Site "Eger"]
[Date "2009.02.01"]
[Round "6"]
[White "Kulcsar, Marton"]
[Black "Bojtar, Lajos"]
[Result "1/2-1/2"]
[WhiteElo "1673"]
[BlackElo "1604"]
[PlyCount "131"]
[EventDate "2009.01.29"]
[EventType "swiss"]
[EventRounds "7"]
[EventCountry "HUN"]
[SourceTitle "EXT 2011"]
[Source "ChessBase"]
[SourceDate "2010.11.26"]
[SourceVersion "1"]
[SourceVersionDate "2010.11.26"]
[SourceQuality "1"]

1. e4 e5 2. Nf3 Nc6 3. Nc3 a6 4. Bc4 d6 5. d3 Bg4 6. h3 Bh5 7. Bg5 Be7 8. Be3 h6 9. Qe2 Nd4 10. Bxd4 exd4 11. Nd5 c6 12. Nxe7 Nxe7 13. g4 b5 14. Nxd4 bxc4 15. gxh5 c5 16. Nf5 cxd3 17. Qxd3 Nxf5 18. exf5 Qe7+ 19. Qe3 Qxe3+ 20. fxe3 0-0 21. 0-0-0 Rfe8 22. Rxd6 Rxe3 23. Rd5 Rc8 24. Kd2 Rg3 25. Rd6 f6 26. Rxa6 Rg5 27. a4 Rxf5 28. a5 Rxh5 29. Rb6 Ra8 30. a6 Rd5+ 31. Kc3 c4 32. Ra1 Rc5 33. b4 cxb3+ 34. Kxb3 Rcc8 35. a7 Kh7 36. c4 Rc7 37. Rb8 Raxa7 38. Rxa7 Rxa7 39. c5 Rc7 40. Kc4 f5 41. Rb3 f4 42. Kd5 g5 43. Kd6 Rf7 44. Rf3 Rf6+ 45. Kd7 Rf7+ 46. Ke6 Kg6 47. c6 Rf6+ 48. Kd7 Rf7+ 49. Kc8 Rf8+ 50. Kb7 Kf5 51. c7 Rf7 52. Kb8 Rf8+ 53. c8Q+ Rxc8+ 54. Kxc8 g4 55. hxg4+ Kxg4 56. Rc3 h5 57. Kd7 h4 58. Ke6 h3 59. Ke5 f3 60. Ke4 h2 61. Rc1 Kg3 62. Ke3 f2 63. Rf1 h1Q 64. Rxh1 Kg2 65. Ke2 Kxh1 66. Kxf2 1/2-1/2

[Event "Eger Osz op"]
[Site "Eger"]
[Date "2008.10.23"]
[Round "2"]
[White "Becskei, Zoltan"]
[Black "Kulcsar, Marton"]
[Result "1-0"]
[WhiteElo "1827"]
[BlackElo "1661"]
[PlyCount "77"]
[EventDate "2008.10.22"]
[EventType "swiss"]
[EventRounds "7"]
[EventCountry "HUN"]
[SourceTitle "EXT 2011"]
[Source "ChessBase"]
[SourceDate "2010.11.26"]
[SourceVersion "1"]
[SourceVersionDate "2010.11.26"]
[SourceQuality "1"]

1. e4 e5 2. Nf3 Nc6 3. d4 exd4 4. Nxd4 Bc5 5. Be3 Qf6 6. Nb5 Bxe3 7. fxe3 Qd8 8. Qg4 g6 9. Qf4 d6 10. Bc4 Ne5 11. 0-0 Qe7 12. N1c3 Nf6 13. Qxf6 Qxf6 14. Rxf6 Nxc4 15. Nxc7+ Ke7 16. N3d5+ Kf8 17. Nxa8 Kg7 18. Raf1 Be6 19. Nac7 Bxd5 20. Nxd5 Ne5 21. Rxd6 Nc4 22. Rd7 Ne5 23. Re7 Nc6 24. Rfxf7+ Kh6 25. Rxb7 Nd8 26. Rxa7 Nxf7 27. Rxf7 Rb8 28. b4 Ra8 29. c4 Rxa2 30. c5 Ra1+ 31. Kf2 Ra2+ 32. Kg3 Ra3 33. c6 Rxe3+ 34. Nxe3 g5 35. Nf5+ Kg6 36. c7 h5 37. c8Q h4+ 38. Kg4 h3 39. Qe6# 1-0

[Event "Eger Tel op"]
[Site "Eger"]
[Date "2008.01.25"]
[Round "3"]
[White "Balogh, Lajos"]
[Black "Kulcsar, Marton"]
[Result "1-0"]
[WhiteElo "2061"]
[BlackElo "1647"]
[PlyCount "103"]
[EventDate "2008.01.24"]
[EventType "swiss"]
[EventRounds "7"]
[EventCountry "HUN"]
[SourceTitle "EXT 2011"]
[Source "ChessBase"]
[SourceDate "2010.11.26"]
[SourceVersion "1"]
[SourceVersionDate "2010.11.26"]
[SourceQuality "1"]

1. d4 d5 2. Nf3 Nf6 3. c4 Bf5 4. Nc3 e6 5. Nh4 Bg6 6. Nxg6 hxg6 7. Qb3 Nc6 8. cxd5 exd5 9. e3 Bb4 10. Bb5 Qd6 11. h3 Bxc3+ 12. bxc3 Ne4 13. Ba3 Qf6 14. Qc2 a6 15. Bd3 Qf5 16. f3 Qg5 17. fxe4 Qg3+ 18. Qf2 Qxf2+ 19. Kxf2 dxe4 20. Bxe4 Na5 21. Rab1 0-0-0 22. Rb4 Rh5 23. Bf3 Rb5 24. Rhb1 c6 25. c4 Nxc4 26. Rxb5 axb5 27. Bc1 Nb6 28. Ba3 Nc4 29. Bb4 Re8 30. Rb3 Kc7 31. Be2 Nb6 32. Ba5 Ra8 33. Bxb6+ Kxb6 34. Rb2 Ka5 35. e4 b4 36. Ke3 Ka4 37. Bc4 f6 38. Rc2 b5 39. Bb3+ Ka3 40. Rxc6 Kb2 41. Rc2+ Ka1 42. d5 Rd8 43. Kd4 f5 44. e5 g5 45. e6 g4 46. hxg4 fxg4 47. e7 Re8 48. d6 g3 49. Re2 g5 50. d7 g4 51. dxe8Q Kb1 52. Qf7 1-0

[Event "Eger Tel op"]
[Site "Eger"]
[Date "2008.01.25"]
[Round "2"]
[White "Kulcsar, Marton"]
[Black "Vanyo, Jozsef"]
[Result "1-0"]
[WhiteElo "1647"]
[BlackElo "1939"]
[PlyCount "65"]
[EventDate "2008.01.24"]
[EventType "swiss"]
[EventRounds "7"]
[EventCountry "HUN"]
[SourceTitle "EXT 2011"]
[Source "ChessBase"]
[SourceDate "2010.11.26"]
[SourceVersion "1"]
[SourceVersionDate "2010.11.26"]
[SourceQuality "1"]

1. e4 c5 2. Nf3 Nc6 3. d4 cxd4 4. Nxd4 Qc7 5. Be3 e6 6. c4 Nf6 7. Nc3 a6 8. a4 Qa5 9. f3 Bb4 10. Qb3 0-0 11. Be2 Nxd4 12. Bxd4 e5 13. Bxe5 Bxc3+ 14. Qxc3 Qxc3+ 15. Bxc3 Nh5 16. Kf2 Nf4 17. Bd1 d6 18. g3 Nd3+ 19. Ke3 Ne5 20. Be2 Be6 21. b3 g6 22. Rad1 Rfd8 23. Rd2 Rac8 24. Rhd1 Nc6 25. Rxd6 Rxd6 26. Rxd6 Kf8 27. e5 a5 28. f4 h5 29. Bf3 Rb8 30. Bd5 Bf5 31. Rf6 Nd8 32. Rb6 Bc2 33. Bxa5 1-0

[Event "Eger Tel op"]
[Site "Eger"]
[Date "2008.01.24"]
[Round "1"]
[White "Toth, Daniel"]
[Black "Kulcsar, Marton"]
[Result "1-0"]
[WhiteElo "2077"]
[BlackElo "1647"]
[PlyCount "61"]
[EventDate "2008.01.24"]
[EventType "swiss"]
[EventRounds "7"]
[EventCountry "HUN"]
[SourceTitle "EXT 2011"]
[Source "ChessBase"]
[SourceDate "2010.11.26"]
[SourceVersion "1"]
[SourceVersionDate "2010.11.26"]
[SourceQuality "1"]

1. d4 d5 2. c4 Bf5 3. cxd5 Bxb1 4. Qa4+ c6 5. Rxb1 Qxd5 6. Nf3 Nf6 7. e3 e6 8. Bd3 a5 9. 0-0 b5 10. Qc2 g6 11. e4 Qd7 12. Bg5 Bg7 13. Rfd1 0-0 14. Rbc1 Rc8 15. Bxb5 Ra7 16. Bc4 h6 17. Ne5 Qe8 18. Be3 Rac7 19. f3 Nfd7 20. Nxd7 Qxd7 21. Qd2 Rd8 22. Qxa5 Ra7 23. Qe1 Qb7 24. d5 exd5 25. Bxa7 Qxa7+ 26. Qf2 Qxf2+ 27. Kxf2 Bxb2 28. Rb1 Ba3 29. exd5 cxd5 30. Bxd5 Nd7 31. Bc6 1-0